000 00309nam a2200145Ia 4500
100 _aAbbott.A.F
942 _cBK
654 _aPhysics
245 _aOrdinary Level Physics
260 _bHeinemann Educational Book
_aLondon
_c1963
082 _a530
_bAbb
300 _a665
546 _aENGLISH
999 _c21968
_d21968